000 00577nam a2200181Ia 4500
008 090124s9999 xx 000 0 und d
082 _b18404
100 _aगोडबोले मंदाकिनी
245 _a कैदी नं . 420
250 _a1
260 _bगीत गोपाल प्रकाशन
_c1979
300 _a204
600 _aगोडबोले मंदाकिनी
630 _a कैदी नं . 420
700 _aगोडबोले मंदाकिनी
730 _a कैदी नं . 420
942 _cBOOK
999 _c89500
_d89500